000 00450nam a2200169 i 4500
001 bg
100 1 _aFLEURY, Pierre
245 0 _aElectrostatique courants continus magnetisme /
_cPierre Fleury, Jean Paul Mathieu.
260 _aParis :
_bEditions Eyrolls,
_c1967.
300 _as. 688 :
_bilustr.
700 1 _aMATHIEU, Jean Paul
040 _cBPK
041 _apol
080 _a537
942 _cKS
008 s pl f |000 0 pol
999 _c14032
_d14032
856 _uhttp://koha.tu.koszalin.pl/cgi-bin/koha/opac-detail.pl?biblionumber=14032
_yKatalog online BPK